Histoire de JetPunk - Wikipédia - Statistiques

Statistiques générales
  • Ce quiz a été pris 10 fois
  • Le résultat moyen est 7 sur 15
Statistiques - réponses
Phrase % Correct
en commençant par un quiz qui exigeait d'identifier les 195 {pays du monde}.
78%
la conception du site Web a changé et {JetPunk} a connu son premier changement majeur
78%
À la fin de l'année, les {quiz} ont commencé à se diversifier dans d'autres genres.
67%
En 20{09},
67%
le site a commencé à afficher des {quiz},
67%
au début de 20{11} lorsqu'il a permis aux utilisateurs de créer leurs propres quiz.
56%
Le site web a été créé le {20 mars 2008},
44%
a été présenté comme {logo} du site Web.
33%
et son objectif était de rechercher des {vols aériens}.
33%
Les quiz sont devenus la principale caractéristique et le poisson {Jeppy}
33%
Lors de sa création, le site web était à l'origine semblable à une agence de {voyages}
33%
En {septembre} 20{08},
22%
par les frères John et Daniel {Hostetler} (H Brothers Incorporated).
22%
Le nombre de quiz répondus a augmenté régulièrement, atteignant finalement {5 millions} de pages vues en 2012
11%
Par la suite, les créateurs ont ajouté une fonction de recherche d'{hôtels}.
11%
Aucun quiz correspondant
Distribution des résultats
% des personnes avec chaque résultat
Percentile par nombre de réponses
Votre historique - résultats
Vous n’avez pas pris ce quiz